English for All (Record no. 785)
[ view plain ]
| 000 -LEADER | |
|---|---|
| Fixed length control field | 00476nam a2200181 4500 |
| 003 - CONTROL NUMBER IDENTIFIER | |
| Control field | SEACOMMC |
| 005 - DATE AND TIME OF LATEST TRANSACTION | |
| Control field | 20250425124720.0 |
| 008 - FIXED-LENGTH DATA ELEMENTS--GENERAL INFORMATION | |
| Fixed length control field | 241123b |||||||| |||| 00| 0 eng d |
| 020 ## - INTERNATIONAL STANDARD BOOK NUMBER / ISBN | |
| International Standard Book Number | 0-33393-477-6 |
| Price | Rs.98.00 |
| 040 ## - CATALOGING SOURCE | |
| Original cataloging agency | SEACOMMC |
| 082 ## - DEWEY DECIMAL CLASSIFICATION NUMBER | |
| Classification number | 428.2 |
| Book Number | G 977 |
| 100 ## - MAIN ENTRY--PERSONAL NAME | |
| Personal name | Gupta, Nilanjana |
| 245 1# - TITLE STATEMENT | |
| Title | English for All |
| Statement of responsibility | Nilanjana Gupta |
| 250 ## - EDITION STATEMENT | |
| Edition statement | rev.ed. |
| 260 ## - IMPRINT | |
| Place of publication | Calcutta |
| Name of publisher | Macmillan |
| Date of publication | 2000 |
| 650 ## - SUBJECT ADDED ENTRY--TOPICAL TERM | |
| Topical term | English language -- Study and teaching |
| 942 ## - ADDED ENTRY ELEMENTS (KOHA) | |
| Koha item type | Books |
| Withdrawn status | Lost status | Source of classification | Damaged status | Not for loan | Home library | Current library | Shelving location | Date acquired | Total Checkouts | Call number | Accession number | Date last seen | Price effective from | Koha item type | Copy number | Date checked out |
|---|---|---|---|---|---|---|---|---|---|---|---|---|---|---|---|---|
| Dewey Decimal Classification | SEACOM MANAGEMENT COLLEGE | SEACOM MANAGEMENT COLLEGE | Reference | 20/11/2007 | 428.2 G 977 | M-975 | 23/11/2024 | 23/11/2024 | Books | |||||||
| Dewey Decimal Classification | SEACOM MANAGEMENT COLLEGE | SEACOM MANAGEMENT COLLEGE | 20/11/2007 | 428.2 G 977 | M-976 | 23/11/2024 | 23/11/2024 | Books | 1 | |||||||
| Dewey Decimal Classification | SEACOM MANAGEMENT COLLEGE | SEACOM MANAGEMENT COLLEGE | 20/11/2007 | 428.2 G 977 | M-977 | 23/11/2024 | 23/11/2024 | Books | 2 | |||||||
| Dewey Decimal Classification | SEACOM MANAGEMENT COLLEGE | SEACOM MANAGEMENT COLLEGE | 20/11/2007 | 428.2 G 977 | M-978 | 23/11/2024 | 23/11/2024 | Books | 3 | |||||||
| Dewey Decimal Classification | SEACOM MANAGEMENT COLLEGE | SEACOM MANAGEMENT COLLEGE | 20/11/2007 | 1 | 428.2 G 977 | M-979 | 09/04/2026 | 23/11/2024 | Books | 4 | 17/03/2026 |
